000 00516nam a22001817a 4500
999 _c159135
_d159135
005 20181204165027.0
010 _aB-713030
020 _a9789351381907
_c350.00
035 _aB-713030
037 _bTrinity Press
082 _a943
100 _aMahajan, Sneh
245 _aIssues in Twentieth-Century world history/
_cSneh Mahajan
260 _aNew Delhi
_bTrinity Press
_c2017
300 _a365p.
_c25 cm(Pbk)
942 _2ddc
_cEN
_h943
_mMAH